000 00674nam a22001937a 4500
999 _c186997
_d186997
005 20220325141309.0
010 _aENG-132122
020 _a9789391420260
_c99.00
035 _aEN-115654
037 _bDBAD/PUB
082 _a659.1
100 _aRuthuja, P.
245 _aAdvertising:
_bSkill Development Course/
_cP. Ruthuja & K. Mercy Snehalatha
260 _aHyderabad
_bSpectrum Publication
_c2021
270 _a#326/C,III Floor, Surneni Nilayam Near B K Guda Park, S R Nayar
_bHyderabad
_e500038
_k91-4023710657
_mstudentshelpline.in@gmail.com
300 _aviii, 104p.
_c24cm(pbk)
700 _aSnehalatha, K. Mercy
942 _2ddc
_cEN
_mRUT
_h659.1